Statistiques concernant Quiz dont vous n'êtes pas le héros

Cliquez ici pour prendre le quiz!

Statistiques générales

  • Ce quiz a été pris 188 fois
    (152 depuis la dernière actualisation)
  • Le résultat moyen est 12 sur 16

Statistiques - réponses

SituationRéponse% Correct
Il progresse difficilement à travers la jungle et ses réserves d'énergie s'amenuisent. Si il ne trouve pas assez vite une source d'eau pour remplir sa gourde, il s'effondrera.

Tapez "source" pour aider sa recherche.
Source
99%
Soudain, il arrive à un fleuve. Cependant, comment savoir si son eau est potable ? Voici toute l'information dont il dispose, dans son guide de survie :

__ Fleuve Madeira __| potable
___ Fleuve Juruà ___| non potable
__ Fleuve Amazone _| potable
___ Fleuve Purus ___| non potable

Certes, mais quel est le nom du plus long fleuve du continent sud-américain ?
Amazone
95%
Perdu dans la jungle sud-américaine, l'aventurier solitaire doit survivre aux multiples dangers qu'elle lui réserve. Vous allez l'aider à retrouver la civilisation en répondant aux questions en italique. Être conscient des risques pour les éviter, c'est vraiment la démarche à suivre dans cet environnement hostile.

Pour commencer, tapez "machette", puisque ce sera son outil le plus utile.
Machette
94%
Grâce à votre connaissance du ciel, l'aventurier comprend que le nuage au-dessus de lui n'est qu'un stratus. Autrement dit, une simple brume qui ne nécessite pas de se mettre à l'abri - il ne devrait même pas pleuvoir. Armé de sa machette, il se met alors en quête de nourriture. Il progresse rapidement et arrive dans un endroit dégagé où il est cerné de baies et d'arbre fruitiers.

Quel fruit est comestible sans danger parmi les suivants: Melon coyote, Épine de feu laineuse, Banane plantain, Pomme de Sodome, Pavot somnifère ?
Banane plantain
85%
Devant lui, le fleuve semble se prolonger à l'infini. C'est donc très certainement l'Amazone, ce qui indique une eau potable. Voilà un problème de moins à régler ! Le suivant ne tarde pas à se manifester... Tandis qu'il remplit sa gourde et se désaltère, le ciel s'assombrit.

Savez vous reconnaître les nuages ? Pour le savoir, tapez le nom du nuage qui produit les orages, le plus gros nuage de tous.
Cumulonimbus
85%
Repu, notre héros voit la nuit tomber et se met en quête d'un abri. Bien que la température ne descende pas en-dessous des 20°C, il ne faut pas se faire surprendre par la rosée matinale. De plus, il faut à tout prix éviter le contact avec les insectes et animaux dangereux qui vivent sous ces latitudes.

Devant l'Homme lui-même et le serpent, quel est le prédateur qui fait le plus de victimes humaines ?
Moustique
79%
La nuit est agitée dans la jungle. Des bruits inquiétants se font entendre, des ombres bougent en permanence et l'humidité s'infiltre dans les vêtements. Dans ces moments-là, on compte les secondes jusqu'au lever du soleil.

Justement, faisons un petit jeu pour se rendre compte du temps qui passe. L'horloge dodécanaire (12 secondes) ci-dessous s'active quand vous passez la souris dessus.
Chargez-la au maximum, puis déplacez votre curseur, fermez les yeux et comptez jusqu'à dix. En les rouvrant, vous devriez voir l'aiguille bouger encore deux fois.


----tic-tac

Si cela vous a amusé, tapez "Oui" pour passez à la question suivante. Sinon, tapez également "Oui".
Oui
79%
Cette réponse semble suffire au personnel du laboratoire, qui vous laisse repartir chez vous. Chez vous ? Où ça ? Vous n'avez aucun souvenir de votre vie avant la simulation, mais personne n'a l'air de s'en rendre compte. Par réflexe, vous mettez la main à votre poche pour sortir votre portable. À cet instant, vous vous apercevez que vous portez une montre et que celle-ci est en train de vibrer - une alarme que vous avez du régler vous-même.

Après avoir éteint l'alarme, vous avez l'idée d'appeler la police nationale française pour demander de l'aide. Vous rappelez-vous son numéro ?
17/112
77%
Vous analysez la situation : aucune chance de s'en sortir à main nue, personne à appeler à l'aide et pas d’échappatoire évident. L'aventurier semble être à la merci du guépard. Attrapant sa machette à deux mains, il se prépare à lutter à mort contre le prédateur. Soudain, alors que la tension est au maximum, il entend un BIIP dans sa poche.

C'est une sonnerie de téléphone. Décrochez et tapez "Allo" pour avancer à la question suivante.
Allo
77%
Bien que le repos soit essentiel, il est important de ne dormir que d'un œil. Il faut être constamment aux aguets ! Certains animaux dorment le jour, pour mieux attaquer la nuit.

Vrai ou faux ? En Automne, après une période d'hyperphagie, deux tiers des oiseaux ont un comportement migratoire nocturne.
Vrai
77%


x1444|.......|> Aventurier en danger
x1444|.......|> Échec de la mission
x1444|.......|> Sortie de la simulation

Vous revenez à vos esprits. Vous sentez votre corps lourd, allongé sur une table dans une sorte de laboratoire. Un docteur vous aide à vous relever : "Bon retour parmi nous, vous avez fait l'objet d'une simulation qui vise à étudier le comportement humain. Vous avez à votre disposition une bouteille d'eau si la sensation de soif vous habite toujours."
Ansi donc, toute cette histoire n'était qu'une simulation ? Il n'y a pas de guépard ?

Le docteur s'adresse à nouveau à vous : "Vous semblez avoir du mal à reprendre vos esprits. Dîtes moi, combien font 15 + 15 ?"

Tapez le résultat pour rassurer le docteur.
30
76%
Malheureusement, le créateur de cette aventure s'est mis en veille avant de l'amener à son terme. Abonnez-vous pour ne pas rater la partie 2 ! Tapez "Abonné" pour valider cette question.

Windows


Merci d'avoir joué !
Abonné
76%
Après une nuit mouvementée à rêver d'une horloge complètement déréglée, le survivant refait l'inventaire de son sac pour repartir dès que possible. Il commet cependant une erreur : absorbé par sa tâche, il ne remarque pas que la jungle est devenue silencieuse, signe de la présence d'un prédateur. Et en effet, en levant les yeux, il perçoit une tâche jaune et noire dans sa vision périphérique.

Il s'agit d'un guépard, l'animal terrestre le plus rapide. Il est donc inutile de courir ! Connaissez-vous sa vitesse de pointe maximale (en km/h) ?
110
64%
A ce stade de l'aventure, rien ne doit être laissé au hasard. C'est donc prudemment que le survivant se saisit des fruits mûrs et goûte celui qui semble être comestible. Quel réconfort cela produit ! De plus, cet apport de vitamine lui permet d'éviter une carence, qui peut amener jusqu'à un état grave.

Quelle est cette maladie, souvent associée aux navigateurs au long cours, provoquée par une carence en vitamine C ?
Scorbut
64%
En moins d'une seconde, la bête est en face de l'aventurier. Chaque mouvement doit être maîtrisé pour ne pas précipiter l'attaque. Une maxime lui passe par la tête : "Réfléchissez avant de passer à l'action".

Peut-être n'est-ce pas le moment, mais qui est l'auteur de ce précieux conseil, que l'on peut retrouver dans l'Art de la Guerre ?
Sun Tzu
53%
Un hamac tendu entre deux palmiers, recouvert d'une moustiquaire, cela fera l'affaire pour la nuit. C'est l'occasion de se demander pourquoi il est nécessaire de dormir...

Quel est le nom que l'on donne au rythme qui regroupe les processus biologiques cycliques d'une durée de 24h ?
Circadien/Nycthéméral
42%

Distribution des résultats

Percentile par nombre de réponses

% des personnes avec chaque résultat

Votre développement - résultats

Vous n’avez pas pris ce quiz depuis la dernière actualisation